NBA meilleur entraîneur de l'année - mort subite - Statistiques

Statistiques générales
  • Ce quiz a été pris 94 fois
  • Le résultat moyen est 2 sur 6
Answers on the Grid
Answers color-coded by a green-red scale on the quiz's grid according to % correct below.
Frank Vogel
Gregg Popovich
Tom Thibodeau
Joe Mazzulla
Quin Snyder
Brad Stevens
Nate McMillan
Mike Budenholzer
Nick Nurse
Michael Malone
Doc Rivers
Kevin McHale
Byron Scott
Mark Jackson
Erik Spoelstra
 
Statistiques - réponses
Réponse % Correct
Gregg Popovich
100%
Tom Thibodeau
42%
Doc Rivers
24%
Nick Nurse
13%
Mike Budenholzer
12%
Byron Scott
6%
Aucun quiz correspondant
Distribution des résultats
% des personnes avec chaque résultat
Percentile par nombre de réponses
Votre historique - résultats
Vous n’avez pas pris ce quiz